[Event "Trophee Roza Lallemand Online"]
[Site "Tornelo INT"]
[Date "2020.12.13"]
[Round "4"]
[White "Fesigny, Oceane"]
[Black "Rollot, Florence"]
[Result "0-1"]
[WhiteElo "1471"]
[BlackElo "1973"]
[PlyCount "114"]
[EventDate "2020.12.13"]
[EventType "swiss (rapid)"]
[EventRounds "9"]
[EventCountry "USA"]
[SourceTitle "EXT 2022"]
[Source "ChessBase"]
[SourceDate "2021.10.06"]
[SourceVersion "1"]
[SourceVersionDate "2021.10.06"]
[SourceQuality "1"]

1. e4 d5 2. exd5 Qxd5 3. Nc3 Qa5 4. d4 Nf6 5. Bd2 Bg4 6. Be2 Bxe2 7. Ngxe2 e6 8. 0-0 Nc6 9. h3 0-0-0 10. a3 Nxd4 11. Nxd4 Rxd4 12. b4 Qf5 13. Qc1 Be7 14. Be3 Rd7 15. Qb2 Rhd8 16. b5 b6 17. a4 Bd6 18. Qb3 Qe5 19. g3 Nh5 20. Ne2 Qf5 21. g4 Qg6 22. a5 f5 23. f3 Nf6 24. axb6 cxb6 25. Qa4 fxg4 26. fxg4 h5 27. Qa6+ Kb8 28. Bxb6 Rb7 29. Bxd8 Bc5+ 30. Kh2 Qe4 31. Ng3 Qxc2+ 32. Kh1 Qc4 33. Qa2 Qxb5 34. Rab1 Qc6+ 35. Qg2 Qxg2+ 36. Kxg2 hxg4 37. Rxb7+ Kxb7 38. Bxf6 gxh3+ 39. Kxh3 gxf6 40. Rxf6 e5 41. Re6 Bd4 42. Ne2 Ba1 43. Kg2 a5 44. Kf1 a4 45. Rh6 a3 46. Rh2 Bb2 47. Ng1 Ka6 48. Ne2 a2 49. Rh6+ Kb5 50. Rh2 a1Q+ 51. Kf2 Bd4+ 52. Kg2 e4 53. Rh5+ Kc4 54. Rh7 Qb2 55. Rc7+ Bc5 56. Kf1 Qa1+ 57. Kg2 Qe5 0-1